Prínos čákyovských kaštieľov a kúrií Spiša pre rozvoj kultúrneho cestovného ruchu diplomová práca

Uložené v:
Podrobná bibliografia
Hlavný autor: Vaľo, Denis
Korporativný autor: Obchodná fakulta EU. Katedra cestovného ruchu
Ďalší autori: Fodranová, Iveta, 1959-
Médium: Kniha
Jazyk:Slovak
Vydavateľské údaje: Bratislava 2025
Tagy: Pridať tag
Žiadne tagy, Buďte prvý, kto otaguje tento záznam!

MARC

LEADER 00000nbm a2200000 4500
001 0310127
005 20251118135630.1
041 0 |a slo 
044 |a SK 
245 1 0 |a Prínos čákyovských kaštieľov a kúrií Spiša pre rozvoj kultúrneho cestovného ruchu  |b diplomová práca  |c Denis Vaľo ; školiteľ: Iveta Fodranová 
264 1 |a Bratislava  |c 2025 
300 |a 72 s. 
100 1 |a Vaľo, Denis 
700 1 |a Fodranová, Iveta, 1959- 
710 2 |a Obchodná fakulta EU. Katedra cestovného ruchu